[Event "10th American Continental (w)"]
[Site "Envigado COL"]
[Date "2018.11.18"]
[Round "3.1"]
[White "Rivera Banqueth, Ingris"]
[Black "Llaudy Pupo, Lisandra"]
[Result "1/2-1/2"]
[WhiteElo "2188"]
[BlackElo "2302"]
[EventDate "2018.11.17"]
[PlyCount "121"]

1.d4 Nf6 2.c4 e6 3.g3 Bb4+ 4.Bd2 Qe7 5.Bg2 Nc6 6.e3 d5 7.a3 Bxd2+ 8.Nxd2 
O-O 9.Ne2 Rd8 10.Nc3 Rb8 11.O-O a6 12.Qe2 dxc4 13.Nxc4 Bd7 14.Rfc1 Be8 15.
b4 Nd5 16.Nd2 Na7 17.Nde4 Nb5 18.Nxb5 axb5 19.Nc5 c6 20.Qb2 Nb6 21.Bf1 Ra8
22.Be2 Ra7 23.Rc3 e5 24.dxe5 Qxe5 25.f4 Qf6 26.Rc2 Qxb2 27.Rxb2 Nc4 28.Rb3
b6 29.Nd3 Nxe3 30.Ne5 Nf5 31.Kf2 f6 32.Nf3 Bf7 33.Rc3 Bd5 34.Rd1 Rad7 35.
Rdc1 Nd6 36.Nd2 Ra7 37.Bf3 Bxf3 38.Rxf3 Nf5 39.Nb1 Ne7 40.Re3 Kf7 41.Rec3 
Rad7 42.Ke2 Rd4 43.R1c2 h5 44.Nd2 R4d5 45.Nf3 Re8 46.Kf2 Rc8 47.Nd2 c5 48.
bxc5 bxc5 49.Ne4 c4 50.Rb2 Nf5 51.Rc1 Nd4 52.Nc3 Rdc5 53.Rd1 Nf5 54.Rd7+ 
Kg6 55.h3 Ra8 56.Rxb5 Rxb5 57.Nxb5 Ra5 58.Rb7 c3 59.Nxc3 Rxa3 60.Ne2 Nd6 
61.Re7 1/2-1/2

[Event "10th American Continental (w)"]
[Site "Envigado COL"]
[Date "2018.11.18"]
[Round "3.2"]
[White "Arribas Robaina, Maritza"]
[Black "Cervantes Landeiro, Thalia"]
[Result "0-1"]
[WhiteElo "2257"]
[BlackElo "2098"]
[EventDate "2018.11.17"]
[PlyCount "56"]

1.e4 e5 2.Nf3 Nc6 3.Bc4 Bc5 4.d3 Nf6 5.c3 a6 6.O-O O-O 7.Bg5 Be7 8.Nbd2 d6
9.Bb3 Kh8 10.Nc4 Nh5 11.Bxe7 Qxe7 12.Nfxe5 Nxe5 13.Nxe5 Qxe5 14.d4 Qg5 15.
Kh1 Bg4 16.f3 Be6 17.g3 Qh6 18.Kg1 Bh3 19.Rf2 Rae8 20.Re2 Qg6 21.Kh1 Bd7 
22.Qe1 f5 23.e5 dxe5 24.dxe5 Bc6 25.Qf2 f4 26.Bc2 fxg3 27.Bxg6 gxf2 28.
Bxh5 Rxf3 0-1

[Event "10th American Continental (w)"]
[Site "Envigado COL"]
[Date "2018.11.18"]
[Round "3.3"]
[White "Ortiz Verdesoto, Anahi"]
[Black "Marrero Lopez, Yaniet"]
[Result "1-0"]
[WhiteElo "2115"]
[BlackElo "2253"]
[EventDate "2018.11.17"]
[PlyCount "127"]

1.d4 Nf6 2.c4 e6 3.Nf3 Bb4+ 4.Bd2 a5 5.e3 b6 6.Be2 Bb7 7.O-O Ne4 8.Qc2 O-O
9.Bxb4 axb4 10.Nbd2 f5 11.Rfd1 d6 12.d5 Nc5 13.dxe6 Nxe6 14.Nb3 Be4 15.Qd2
Na6 16.Nbd4 Nec5 17.a3 b3 18.Qc3 Qf6 19.Rdc1 Bc2 20.Qe1 Na4 21.Nxc2 bxc2 
22.b4 Nc3 23.Nd4 Nxe2+ 24.Qxe2 f4 25.Nxc2 fxe3 26.Qxe3 Rae8 27.Qd2 Re5 28.
Re1 Rf5 29.Re2 Nb8 30.Rae1 Nd7 31.Nd4 Rh5 32.Ne6 Qh4 33.h3 Rc8 34.Re4 Qf6 
35.Nf4 Re5 36.Nd5 Qf7 37.f4 Rxe4 38.Rxe4 Kh8 39.Re7 Qf5 40.Qe1 Nf6 41.Rf7 
Qd3 42.Nxf6 gxf6 43.Qe7 Qg6 44.Rf8+ Rxf8 45.Qxf8+ Qg8 46.Qxf6+ Qg7 47.Qd8+
Qg8 48.Qxc7 Qf8 49.Qxb6 Qxf4 50.Qf2 Qc1+ 51.Kh2 Qh6 52.Qf7 d5 53.Qe8+ Kg7 
54.Qe5+ Kf8 55.cxd5 Qc1 56.d6 Qd2 57.b5 h5 58.Qh8+ Kf7 59.Qxh5+ Kf6 60.
Qh4+ Kf5 61.Qg4+ Kf6 62.Qg3 Ke6 63.a4 Qb4 64.Qg4+ 1-0

[Event "10th American Continental (w)"]
[Site "Envigado COL"]
[Date "2018.11.18"]
[Round "3.4"]
[White "Miranda Rodriguez, Tania"]
[Black "Gonzalez Ochoa, Yoana"]
[Result "1/2-1/2"]
[WhiteElo "2246"]
[BlackElo "2058"]
[EventDate "2018.11.17"]
[PlyCount "149"]

1.e4 e5 2.Nf3 Nc6 3.Bb5 a6 4.Ba4 Nf6 5.O-O Be7 6.Re1 b5 7.Bb3 d6 8.c3 O-O 
9.h3 Nb8 10.d4 Nbd7 11.Nbd2 c5 12.Nf1 Re8 13.Bc2 Bf8 14.b3 cxd4 15.cxd4 
Bb7 16.d5 Rc8 17.Bd2 Nc5 18.Ng3 g6 19.Rc1 Be7 20.Re3 h5 21.Qe1 Bf8 22.Ba5 
Qe7 23.Rc3 Bh6 24.Nd2 h4 25.Ngf1 Nh5 26.b4 Nd7 27.Bd1 Nf4 28.Bg4 Rxc3 29.
Rxc3 f5 30.exf5 Nxd5 31.Rc2 N7f6 32.fxg6 Nxg4 33.hxg4 Qg5 34.Qe4 Ba8 35.
Qf5 Qxf5 36.gxf5 Nf4 37.Ne3 Ne2+ 38.Kf1 Nd4 39.f6 Nxc2 40.f7+ Kf8 41.
fxe8=Q+ Kxe8 42.Nxc2 Bxd2 43.Ne3 Be4 44.Ke2 Bc3 45.g7 Kf7 46.f3 Bb1 47.Nd5
Bd4 48.Nf6 Kxg7 49.Ne8+ Kf7 50.Nxd6+ Ke6 51.Ne8 Bxa2 52.Nc7+ Kd7 53.Nxa6 
Bc4+ 54.Ke1 Ke7 55.Nc5 Kf7 56.Ne4 Kg6 57.Bd8 Bd3 58.Be7 Kf5 59.Kd2 Bxe4 
60.fxe4+ Kg4 61.Ke2 Kg3 62.Kf1 Bc3 63.Ke2 Kxg2 64.Bxh4 Bxb4 65.Bf2 Bc3 66.
Bb6 b4 67.Kd3 Kf3 68.Bc5 Be1 69.Bd6 Kf4 70.Bf8 b3 71.Bh6+ Kf3 72.Bc1 Bb4 
73.Kc4 Bd2 74.Bb2 Kxe4 75.Kxb3 1/2-1/2

[Event "10th American Continental (w)"]
[Site "Envigado COL"]
[Date "2018.11.18"]
[Round "3.5"]
[White "Roca Rojas, Ana Flavia"]
[Black "Perez Rodriguez, Jennifer"]
[Result "1/2-1/2"]
[WhiteElo "2132"]
[BlackElo "2203"]
[EventDate "2018.11.17"]
[PlyCount "153"]

1.e4 e5 2.Bc4 Nf6 3.d3 Nc6 4.Nc3 Na5 5.Nge2 Nxc4 6.dxc4 d6 7.h3 Be6 8.Qd3 
Nd7 9.b3 Nc5 10.Qf3 g6 11.Bb2 Bg7 12.O-O-O Qg5+ 13.Kb1 O-O-O 14.g4 h5 15.
Rhg1 hxg4 16.hxg4 Rh2 17.Rg3 Rdh8 18.Bc1 Qf6 19.Qxf6 Bxf6 20.g5 Bd8 21.f3 
R8h3 22.Rdg1 Rxg3 23.Rxg3 Rh3 24.Nd5 Rxg3 25.Nxg3 Bh3 26.f4 Bg2 27.fxe5 
dxe5 28.Bb2 Bxg5 29.Bxe5 c6 30.Nc3 Bd2 31.Kb2 Bxc3+ 32.Kxc3 Nxe4+ 33.Kd4 
Nxg3 34.Bxg3 f6 35.b4 Kd7 36.b5 g5 37.a4 Bf1 38.Bb8 a6 39.bxa6 bxa6 40.a5 
Ke6 41.Bc7 Kf5 42.Bd8 Kg6 43.Kc5 f5 44.Kxc6 Bxc4 45.Kc5 Be2 46.Kd4 f4 47.
Ke5 Kh5 48.Kf5 Bg4+ 49.Ke4 Bd7 50.Be7 Kg4 51.Kd3 Kf5 52.Ke2 g4 53.Bh4 Bc6 
54.Kf2 Kg6 55.c3 Kh5 56.Be7 g3+ 57.Kg1 Kg4 58.Bc5 f3 59.Bb6 Kf5 60.c4 Ke4 
61.Ba7 Kd3 62.Kf1 Kxc4 63.Bb8 Kb5 64.Bxg3 Kxa5 65.Ke1 Kb4 66.Bd6+ Ka4 67.
Kd2 Kb3 68.Bc7 Bb5 69.Ke3 Be2 70.Kd2 Kb4 71.Bb6 a5 72.Kc2 Ka3 73.Kb1 a4 
74.Ka1 Kb3 75.Ba7 a3 76.Bb6 a2 77.Ba7 1/2-1/2

[Event "10th American Continental (w)"]
[Site "Envigado COL"]
[Date "2018.11.18"]
[Round "3.6"]
[White "Fernandez, Maria Florencia"]
[Black "Chirivi Castiblanco, Jenny Astrid"]
[Result "1-0"]
[WhiteElo "2198"]
[BlackElo "2118"]
[EventDate "2018.11.17"]
[PlyCount "83"]

1.d4 d5 2.c4 c6 3.Nc3 Nf6 4.Nf3 dxc4 5.a4 Bf5 6.e3 e6 7.Bxc4 Bb4 8.O-O 
Nbd7 9.Qe2 Bg6 10.Rd1 O-O 11.Bd3 Re8 12.Bxg6 hxg6 13.e4 Qa5 14.e5 Nd5 15.
Ne4 Re7 16.Bg5 f6 17.Nh4 fxg5 18.Nxg6 Nf4 19.Nxe7+ Bxe7 20.Qg4 Qd5 21.Nc3 
Qb3 22.g3 Ng6 23.h4 Rf8 24.h5 Ngxe5 25.dxe5 Nxe5 26.Qe2 Nf3+ 27.Kg2 g4 28.
h6 e5 29.Rd7 Qe6 30.Rxb7 gxh6 31.Rd1 Rf7 32.b3 h5 33.Qc4 Qxc4 34.bxc4 Bc5 
35.Rdd7 Rxd7 36.Rxd7 h4 37.gxh4 Nxh4+ 38.Kf1 Bd4 39.Ne4 Nf3 40.c5 Kf8 41.
Rxa7 Ba1 42.a5 1-0

[Event "10th American Continental (w)"]
[Site "Envigado COL"]
[Date "2018.11.18"]
[Round "3.7"]
[White "Cosme Contreras, Trilce"]
[Black "Rodriguez Rueda, Paula Andrea"]
[Result "0-1"]
[WhiteElo "1829"]
[BlackElo "2275"]
[EventDate "2018.11.17"]
[PlyCount "88"]

1.c4 Nf6 2.Nc3 e6 3.Nf3 d5 4.d4 c6 5.Bg5 h6 6.Bh4 dxc4 7.e3 b5 8.Be2 a6 9.
h3 Be7 10.O-O O-O 11.Ne5 Bb7 12.Bf3 Nd5 13.Bg3 Nd7 14.Nxd7 Qxd7 15.Ne4 
Rad8 16.Nc5 Qc8 17.Qe2 Rfe8 18.a3 Bxc5 19.dxc5 e5 20.e4 Nf4 21.Bxf4 exf4 
22.Rad1 Qc7 23.Rxd8 Qxd8 24.Rd1 Qe7 25.Rd6 Qe5 26.Qd2 a5 27.Rd7 Bc8 28.Rd8
a4 29.Qd6 Qxd6 30.Rxd6 Bb7 31.Rd7 Bc8 32.Rc7 b4 33.axb4 a3 34.bxa3 Rd8 35.
e5 Bf5 36.Bxc6 c3 37.Ba4 Ra8 38.Bd1 Rxa3 39.Kh2 Ra1 40.Bb3 Rb1 41.Bxf7+ 
Kh7 42.e6 c2 43.e7 c1=Q 44.Bg8+ Kh8 0-1

[Event "10th American Continental (w)"]
[Site "Envigado COL"]
[Date "2018.11.18"]
[Round "3.8"]
[White "Cori Tello, Deysi"]
[Black "Caballero Quijano, Mitzy Mishell"]
[Result "1-0"]
[WhiteElo "2406"]
[BlackElo "1992"]
[EventDate "2018.11.17"]
[PlyCount "89"]

1.d4 Nf6 2.Nf3 d5 3.c4 e6 4.g3 c6 5.Bg2 Bd6 6.O-O Nbd7 7.Nbd2 O-O 8.Qc2 
Qe7 9.Rd1 b6 10.e4 dxe4 11.Nxe4 Nxe4 12.Qxe4 Bb7 13.Bg5 Nf6 14.Qe2 h6 15.
Bxf6 Qxf6 16.Ne5 Rfc8 17.Rac1 Rc7 18.Rd3 Qe7 19.Rcd1 Rd8 20.c5 Bxe5 21.
dxe5 Rcd7 22.cxb6 axb6 23.h4 Kf8 24.b4 Rxd3 25.Rxd3 Rxd3 26.Qxd3 Qc7 27.b5
Ke8 28.Qe4 Kd7 29.Qf3 Ke8 30.bxc6 Bc8 31.Qc3 h5 32.Bf3 g6 33.Qd4 Ba6 34.a4
Ke7 35.Qb4+ Ke8 36.Kg2 Bc8 37.Qb5 Ke7 38.Be4 Ke8 39.f4 Ke7 40.Kf3 Ke8 41.
Qb4 Ba6 42.Ke3 Qe7 43.Qd6 Qxd6 44.exd6 Kd8 45.Kd4 1-0

[Event "10th American Continental (w)"]
[Site "Envigado COL"]
[Date "2018.11.18"]
[Round "3.9"]
[White "Besso, Guadalupe"]
[Black "Aliaga Fernandez, Ingrid"]
[Result "1-0"]
[WhiteElo "2069"]
[BlackElo "2194"]
[EventDate "2018.11.17"]
[PlyCount "55"]

1.d4 d5 2.c4 dxc4 3.Nf3 Nf6 4.e3 e6 5.Bxc4 a6 6.O-O b5 7.Bb3 Bb7 8.Qe2 
Nbd7 9.Rd1 c5 10.dxc5 Bxc5 11.Nc3 Qc7 12.h3 O-O 13.Bd2 Rac8 14.Rac1 Qb8 
15.Be1 Ne5 16.Nd4 Rfe8 17.a3 Qa8 18.Qf1 Ng6 19.f3 Qa7 20.Bf2 Qb8 21.Nce2 
Ba8 22.e4 Ba7 23.Qe1 h5 24.Qa5 Qb7 25.Be3 Nxe4 26.fxe4 Qxe4 27.Nf3 Bxe3+ 
28.Kh2 1-0

[Event "10th American Continental (w)"]
[Site "Envigado COL"]
[Date "2018.11.18"]
[Round "3.10"]
[White "Franco Valencia, Beatriz Irene"]
[Black "Toro Castaneda, Elizabeth"]
[Result "1/2-1/2"]
[WhiteElo "2191"]
[BlackElo "1932"]
[EventDate "2018.11.17"]
[PlyCount "83"]

1.d4 Nf6 2.g3 g6 3.Bg2 Bg7 4.e4 d6 5.Nc3 Na6 6.Nge2 c5 7.d5 Nc7 8.a4 Bd7 
9.O-O O-O 10.h3 b6 11.f4 Rb8 12.g4 a6 13.Ng3 b5 14.axb5 axb5 15.e5 Nfe8 
16.Nce4 b4 17.exd6 exd6 18.f5 Bd4+ 19.Kh1 Bb5 20.Rf3 Bc4 21.Bh6 Bg7 22.
Bxg7 Kxg7 23.f6+ Kg8 24.Qd2 Bxd5 25.Raf1 Bb7 26.Qh6 Ne6 27.R3f2 Qc7 28.Nf5
Bxe4 29.Ne7+ Kh8 30.Bxe4 Nxf6 31.Nxg6+ fxg6 32.Rxf6 Qg7 33.Qh4 g5 34.Rxf8+
Rxf8 35.Rxf8+ Nxf8 36.Qf2 Ng6 37.Bxg6 hxg6 38.b3 Qa1+ 39.Kg2 Qe5 40.Qf8+ 
Kh7 41.Qf7+ Qg7 42.Qe6 1/2-1/2

[Event "10th American Continental (w)"]
[Site "Envigado COL"]
[Date "2018.11.19"]
[Round "4.1"]
[White "Llaudy Pupo, Lisandra"]
[Black "Ortiz Verdesoto, Anahi"]
[Result "1-0"]
[WhiteElo "2302"]
[BlackElo "2115"]
[EventDate "2018.11.17"]
[PlyCount "97"]

1.e4 e5 2.Nf3 Nc6 3.Bb5 Nge7 4.Nc3 g6 5.d4 exd4 6.Nd5 Nxd5 7.exd5 Qe7+ 8.
Be2 Ne5 9.Nxd4 d6 10.O-O Bg7 11.Bb5+ c6 12.dxc6 O-O 13.Re1 Qc7 14.cxb7 
Bxb7 15.c3 Rab8 16.Bf1 Ba8 17.a4 d5 18.Nb5 Qd7 19.Bf4 f6 20.b3 Qf7 21.Rc1 
g5 22.Be3 a6 23.Nd4 f5 24.f4 Ng4 25.fxg5 Qc7 26.g3 Nxe3 27.Rxe3 f4 28.Rf3 
fxg3 29.Rxg3 Qf4 30.Rc2 Rbe8 31.Re2 Bxd4+ 32.cxd4 Rxe2 33.Bxe2 Rc8 34.Qd3 
Rf8 35.g6 h5 36.Qe3 Qxe3+ 37.Rxe3 Kg7 38.Bxh5 Kh6 39.Be2 Kxg6 40.Bxa6 Kg5 
41.Bb5 Kf4 42.Re8 Rxe8 43.Bxe8 Ke3 44.h4 Kxd4 45.h5 Ke5 46.h6 Kf6 47.h7 
Kg7 48.Bg6 d4 49.Bd3 1-0

[Event "10th American Continental (w)"]
[Site "Envigado COL"]
[Date "2018.11.19"]
[Round "4.2"]
[White "Rivera Banqueth, Ingris"]
[Black "Fernandez, Maria Florencia"]
[Result "1/2-1/2"]
[WhiteElo "2188"]
[BlackElo "2198"]
[EventDate "2018.11.17"]
[PlyCount "40"]

1.d4 d6 2.c4 e5 3.d5 f5 4.Nc3 Nf6 5.e4 fxe4 6.Nge2 Be7 7.Ng3 O-O 8.Ncxe4 
Nxe4 9.Nxe4 Bf5 10.Bd3 Nd7 11.Qc2 Kh8 12.O-O g6 13.Be3 Bxe4 14.Bxe4 Bg5 
15.Rae1 Bxe3 16.Rxe3 Nf6 17.Rh3 Nxe4 18.Qxe4 Qg5 19.Qh4 Qxh4 20.Rxh4 Rf5 
1/2-1/2

[Event "10th American Continental (w)"]
[Site "Envigado COL"]
[Date "2018.11.19"]
[Round "4.3"]
[White "Cervantes Landeiro, Thalia"]
[Black "Cori Tello, Deysi"]
[Result "0-1"]
[WhiteElo "2098"]
[BlackElo "2406"]
[EventDate "2018.11.17"]
[PlyCount "86"]

1.d4 e6 2.c4 b6 3.Nc3 Bb7 4.Nf3 Bb4 5.e3 f5 6.Bd3 Nf6 7.O-O O-O 8.Nd2 d6 
9.Qc2 Qe7 10.e4 Nc6 11.d5 Ne5 12.exf5 Bxc3 13.Qxc3 Nxd3 14.Qxd3 exd5 15.
Nf3 Qe4 16.Qxe4 Nxe4 17.cxd5 Rxf5 18.Nd4 Rxd5 19.Be3 Re8 20.Rfc1 Re7 21.
Nc6 Bxc6 22.Rxc6 Nc5 23.b4 Nd3 24.Rc4 b5 25.Rh4 c5 26.bxc5 dxc5 27.a4 b4 
28.Rc4 a5 29.Kf1 Rc7 30.Rd1 b3 31.Rb1 Ne5 32.Rc3 c4 33.Ke2 Re7 34.h3 Rd3 
35.Rxd3 Nxd3 36.Kd2 Rb7 37.Bd4 Rb4 38.Ra1 b2 39.Rb1 Rxa4 40.Bxb2 Rb4 41.
Kc2 Rxb2+ 42.Rxb2 Nxb2 43.Kxb2 a4 0-1

[Event "10th American Continental (w)"]
[Site "Envigado COL"]
[Date "2018.11.19"]
[Round "4.4"]
[White "Rodriguez Rueda, Paula Andrea"]
[Black "Besso, Guadalupe"]
[Result "0-1"]
[WhiteElo "2275"]
[BlackElo "2069"]
[EventDate "2018.11.17"]
[PlyCount "74"]

1.d4 Nf6 2.c4 g6 3.Nc3 d5 4.Nf3 Bg7 5.Qb3 dxc4 6.Qxc4 O-O 7.e4 a6 8.Be2 b5
9.Qb3 c5 10.dxc5 Bb7 11.a4 Nbd7 12.Be3 Qa5 13.O-O b4 14.e5 Ng4 15.Bd4 Nxc5
16.Qc4 Ne6 17.Na2 Rac8 18.Qxb4 Qxb4 19.Nxb4 Bxf3 20.Bxf3 Nxh2 21.Kxh2 Nxd4
22.Be4 Rc4 23.Nd5 Bxe5+ 24.g3 e6 25.Nb6 Rb4 26.Nd7 Nb3 27.Rad1 Rxe4 28.
Nxf8 Kxf8 29.Rfe1 Rxe1 30.Rxe1 Bd4 31.Kg2 a5 32.f4 h5 33.Rd1 Bc5 34.Kf3 
Bb4 35.g4 hxg4+ 36.Kxg4 Nc5 37.Ra1 Kg7 0-1

[Event "10th American Continental (w)"]
[Site "Envigado COL"]
[Date "2018.11.19"]
[Round "4.5"]
[White "Perez Rodriguez, Jennifer"]
[Black "Miranda Rodriguez, Tania"]
[Result "1-0"]
[WhiteElo "2203"]
[BlackElo "2246"]
[EventDate "2018.11.17"]
[PlyCount "81"]

1.e4 e5 2.Nf3 Nc6 3.Bb5 a6 4.Ba4 Nf6 5.d3 b5 6.Bb3 Be7 7.O-O O-O 8.a4 b4 
9.a5 d6 10.Nbd2 Rb8 11.Re1 h6 12.Bc4 Re8 13.Nf1 Bf8 14.Ne3 Ne7 15.c3 bxc3 
16.bxc3 c5 17.Bd2 Qc7 18.Qc2 Ng4 19.Qa2 Ng6 20.Nd5 Qd8 21.h3 Nf6 22.Rab1 
Rxb1 23.Rxb1 Nxd5 24.Bxd5 Qf6 25.Rb8 Nf4 26.Bxf4 Qxf4 27.Qd2 Qf6 28.Bb7 
Qe6 29.Qb2 Bxb7 30.Rxe8 Qxe8 31.Qxb7 Qa4 32.Qxa6 Qa1+ 33.Kh2 Qc1 34.Qc8 
Qf4+ 35.Kh1 Qc1+ 36.Ng1 Qxc3 37.a6 Qa3 38.Qb7 Qxd3 39.a7 c4 40.a8=Q c3 41.
Qe7 1-0

[Event "10th American Continental (w)"]
[Site "Envigado COL"]
[Date "2018.11.19"]
[Round "4.6"]
[White "Gonzalez Ochoa, Yoana"]
[Black "Roca Rojas, Ana Flavia"]
[Result "1/2-1/2"]
[WhiteElo "2058"]
[BlackElo "2132"]
[EventDate "2018.11.17"]
[PlyCount "53"]

1.e4 c5 2.Nf3 a6 3.c4 Nc6 4.d4 cxd4 5.Nxd4 e6 6.Nc3 Bb4 7.Nxc6 bxc6 8.Bd2 
e5 9.a3 Bc5 10.Qf3 Qf6 11.Be2 Qxf3 12.Bxf3 d6 13.O-O Be6 14.Na4 Bd4 15.
Rac1 Nf6 16.b4 O-O 17.Be3 Bxe3 18.fxe3 a5 19.Nb6 Ra6 20.c5 axb4 21.axb4 
dxc5 22.bxc5 Nd7 23.Nxd7 Bxd7 24.Rfd1 Be6 25.Rd6 Rc8 26.Be2 Ra5 27.Kf2 
1/2-1/2

[Event "10th American Continental (w)"]
[Site "Envigado COL"]
[Date "2018.11.19"]
[Round "4.7"]
[White "Cordero Loup, Ely Daniela"]
[Black "Arribas Robaina, Maritza"]
[Result "0-1"]
[WhiteElo "2085"]
[BlackElo "2257"]
[EventDate "2018.11.17"]
[PlyCount "64"]

1.d4 Nf6 2.Nf3 g6 3.c4 Bg7 4.g3 O-O 5.Bg2 d6 6.O-O Nbd7 7.Nc3 e5 8.e4 c6 
9.h3 Re8 10.Be3 a6 11.Rc1 Qe7 12.Re1 Nh5 13.Qd2 Nf8 14.Bg5 Qc7 15.b4 exd4 
16.Nxd4 Bxd4 17.Qxd4 Ne6 18.Qd2 Nxg5 19.Qxg5 Qb6 20.c5 Qxb4 21.e5 d5 22.
Bxd5 cxd5 23.Nxd5 Qa5 24.Red1 Bxh3 25.g4 Bxg4 26.Nf6+ Nxf6 27.exf6 Bxd1 
28.Qh6 Qe1+ 29.Kg2 Qe4+ 30.Kg1 Qg4+ 31.Kf1 Be2+ 32.Ke1 Qb4+ 0-1

[Event "10th American Continental (w)"]
[Site "Envigado COL"]
[Date "2018.11.19"]
[Round "4.8"]
[White "Marrero Lopez, Yaniet"]
[Black "Munoz Monroy, Cinthya Carolina"]
[Result "1-0"]
[WhiteElo "2253"]
[BlackElo "2032"]
[EventDate "2018.11.17"]
[PlyCount "61"]

1.e4 e6 2.d4 d5 3.e5 c5 4.c3 Nc6 5.Nf3 Bd7 6.a3 f6 7.Bd3 cxd4 8.cxd4 Qb6 
9.O-O f5 10.Bc2 Nge7 11.Nc3 Ng6 12.h4 Be7 13.Bxf5 exf5 14.Nxd5 Qa5 15.Ne3 
O-O-O 16.b4 Qa6 17.Qb3 Kb8 18.Bb2 Qb5 19.d5 Na5 20.Qa2 f4 21.Nd4 Qa6 22.
Nef5 Bxf5 23.Nxf5 Nc4 24.h5 Ngxe5 25.Nxe7 Nxb2 26.Qxb2 Qf6 27.Qc3 Qxe7 28.
Rfe1 Rxd5 29.Re4 Qg5 30.Rae1 Re8 31.Qh3 1-0

[Event "10th American Continental (w)"]
[Site "Envigado COL"]
[Date "2018.11.19"]
[Round "4.9"]
[White "Gomez Guardo, Laura Meli"]
[Black "Franco Valencia, Beatriz Irene"]
[Result "0-1"]
[WhiteElo "1842"]
[BlackElo "2191"]
[EventDate "2018.11.17"]
[PlyCount "64"]

1.c4 e5 2.g3 Nc6 3.Bg2 g6 4.d3 Bg7 5.Nc3 d6 6.e4 Be6 7.Nge2 Qd7 8.a3 Bh3 
9.O-O h5 10.f4 exf4 11.Bxf4 h4 12.Rf2 hxg3 13.Bxg3 Nd4 14.Qf1 Nc2 15.Bxh3 
Rxh3 16.Rb1 Ne3 17.Qc1 Ng4 18.Rg2 N8f6 19.Nf4 Rh7 20.Nce2 Nh5 21.Nxh5 Rxh5
22.b4 O-O-O 23.b5 Be5 24.d4 Bxg3 25.Nxg3 Rh3 26.Qe1 Rdh8 27.Rbb2 Qe7 28.
Rbe2 Qh4 29.Qa5 Nxh2 30.Qxa7 Rxg3 31.Qa8+ Kd7 32.Qa5 Ng4 0-1

[Event "10th American Continental (w)"]
[Site "Envigado COL"]
[Date "2018.11.19"]
[Round "4.10"]
[White "Chirivi Castiblanco, Jenny Astrid"]
[Black "Cosme Contreras, Trilce"]
[Result "0-1"]
[WhiteElo "2118"]
[BlackElo "1829"]
[EventDate "2018.11.17"]
[PlyCount "121"]

1.d4 Nf6 2.c4 g6 3.Nc3 Bg7 4.Nf3 O-O 5.g3 d6 6.Bg2 Nc6 7.O-O a6 8.e4 Bg4 
9.h3 Bxf3 10.Bxf3 e5 11.dxe5 dxe5 12.Bg5 Nd4 13.Bg2 h6 14.Be3 Nd7 15.f4 
Kh7 16.Rc1 c6 17.Ne2 c5 18.Nc3 Nb6 19.b3 f6 20.Nd5 Nxd5 21.cxd5 Qa5 22.Rf2
Rac8 23.Kh2 b5 24.fxe5 fxe5 25.Rxf8 Rxf8 26.Rxc5 Qxa2 27.Rc7 Qxb3 28.Qc1 
Rg8 29.Bxh6 Ne2 30.Qg5 Qd1 31.Qe3 b4 32.Rb7 b3 33.Bxg7 Rxg7 34.Rxb3 Qc2 
35.Qd3 Qxd3 36.Rxd3 a5 37.Bf1 Nd4 38.Ra3 Ra7 39.Kg2 Kg7 40.h4 Kf6 41.Kf2 
Ke7 42.Bd3 Kd6 43.g4 a4 44.h5 gxh5 45.gxh5 Rh7 46.Rxa4 Rxh5 47.Ra6+ Kd7 
48.Bf1 Rh4 49.Bg2 Rf4+ 50.Kg3 Rf8 51.Bh3+ Kc7 52.Bg4 Rh8 53.Rg6 Rf8 54.d6+
Kb7 55.d7 Nc6 56.Be6 Kc7 57.Rg7 Rd8 58.Kh4 Nb8 59.Kg5 Nxd7 60.Bxd7 Rxd7 
61.Rxd7+ 0-1

[Event "10th American Continental (w)"]
[Site "Envigado COL"]
[Date "2018.11.19"]
[Round "4.11"]
[White "Toro Castaneda, Elizabeth"]
[Black "Castrillon Gomez, Melissa"]
[Result "1/2-1/2"]
[WhiteElo "1932"]
[BlackElo "2301"]
[EventDate "2018.11.17"]
[PlyCount "95"]

1.d4 f5 2.g3 Nf6 3.Bg2 e6 4.Nf3 d5 5.O-O Bd6 6.b3 Nbd7 7.Ba3 Bxa3 8.Nxa3 
c6 9.c4 Qe7 10.Nc2 O-O 11.cxd5 exd5 12.e3 Ne4 13.Nce1 Ndf6 14.Nd3 Bd7 15.
Qc2 Be8 16.Nfe5 Ng4 17.Rac1 h5 18.f3 Nxe3 19.Qe2 Nxf1 20.fxe4 fxe4 21.Nf4 
Qb4 22.Rd1 Nxh2 23.Kxh2 h4 24.Qg4 hxg3+ 25.Qxg3 Qd6 26.Bh3 Qh6 27.Ne6 Bf7 
28.Nxf8 Rxf8 29.Ng4 Qg5 30.Rg1 Bh5 31.Ne5 Qh6 32.Nd7 Rf4 33.Ne5 Kh7 34.Rf1
Rxf1 35.Bxf1 Qd2+ 36.Bg2 g6 37.Qh4 Qh6 38.Qe7+ Qg7 39.Qg5 Qh6 40.Qe7+ Qg7 
41.Qg5 Qf8 42.Nd7 Qd6+ 43.Ne5 Kg7 44.Qg3 b6 45.b4 c5 46.bxc5 bxc5 47.dxc5 
Qxc5 48.Nd7 1/2-1/2

[Event "10th American Continental (w)"]
[Site "Envigado COL"]
[Date "2018.11.19"]
[Round "4.12"]
[White "Aliaga Fernandez, Ingrid"]
[Black "Prado Serrano, Alexandra Naira"]
[Result "1/2-1/2"]
[WhiteElo "2194"]
[BlackElo "1873"]
[EventDate "2018.11.17"]
[PlyCount "45"]

1.e4 c5 2.Nf3 Nc6 3.d4 cxd4 4.Nxd4 Nf6 5.Nc3 e5 6.Ndb5 d6 7.Bg5 a6 8.Na3 
b5 9.Nd5 Be7 10.Bxf6 Bxf6 11.c3 O-O 12.Nc2 Bg5 13.Nce3 Bxe3 14.Nxe3 Ne7 
15.Be2 Bb7 16.Bf3 Qb6 17.O-O Rad8 18.a4 Kh8 19.axb5 axb5 20.Ra3 g6 21.Rb3 
f5 22.Nd5 Bxd5 23.exd5 1/2-1/2

[Event "10th American Continental (w)"]
[Site "Envigado COL"]
[Date "2018.11.20"]
[Round "5.1"]
[White "Fernandez, Maria Florencia"]
[Black "Llaudy Pupo, Lisandra"]
[Result "1-0"]
[WhiteElo "2198"]
[BlackElo "2302"]
[EventDate "2018.11.17"]
[PlyCount "84"]

1.d4 Nf6 2.c4 e6 3.Nf3 Bb4+ 4.Nbd2 b6 5.a3 Bxd2+ 6.Qxd2 Bb7 7.e3 d6 8.Be2 
Nbd7 9.O-O a5 10.b3 O-O 11.Bb2 Qe7 12.b4 Ne4 13.Qc2 f5 14.Bd3 Ndf6 15.Nd2 
axb4 16.axb4 Rxa1 17.Bxa1 Nxd2 18.Qxd2 Ra8 19.f3 Qd7 20.d5 e5 21.Qc2 Bc8 
22.Bb2 Qa4 23.Qc3 Qe8 24.Bc2 Kh8 25.f4 e4 26.Bb3 Qe7 27.Rc1 Nd7 28.Qd2 Bb7
29.Bd4 h6 30.Qc3 Kh7 31.Ra1 Rxa1+ 32.Qxa1 Qf8 33.Ba4 Nb8 34.Bb5 Qg8 35.Qa7
Qc8 36.c5 bxc5 37.bxc5 dxc5 38.Qxc5 Qd8 39.d6 Qxd6 40.Qxf5+ Qg6 41.Qf8 Nc6
42.Bc4 Nb8 1-0

[Event "10th American Continental (w)"]
[Site "Envigado COL"]
[Date "2018.11.20"]
[Round "5.2"]
[White "Cori Tello, Deysi"]
[Black "Rivera Banqueth, Ingris"]
[Result "1-0"]
[WhiteElo "2406"]
[BlackElo "2188"]
[EventDate "2018.11.17"]
[PlyCount "83"]

1.d4 Nf6 2.Nf3 g6 3.g3 Bg7 4.Bg2 O-O 5.O-O d6 6.b3 e5 7.dxe5 dxe5 8.Bb2 e4
9.Ng5 Qe7 10.Nc3 Rd8 11.Qc1 Bf5 12.h3 Bh6 13.Qe3 Nc6 14.g4 Ne8 15.gxf5 
gxf5 16.f4 Bg7 17.Kh1 h6 18.Ngxe4 fxe4 19.Qxe4 Qf8 20.Rg1 Kh8 21.Bf3 Rd4 
22.Qf5 Ne7 23.Qc5 b6 24.Qa3 Rad8 25.Ne4 f5 26.Nf2 Rxf4 27.Rxg7 Nxg7 28.Rg1
Rfd4 29.e3 R4d6 30.Bxg7+ Qxg7 31.Rxg7 Kxg7 32.Qxa7 R8d7 33.Nd3 c5 34.Qa4 
Ng6 35.Kg2 Re7 36.Kf2 Rf7 37.Bh5 Re7 38.Bxg6 Rxg6 39.Qa8 Rge6 40.Nf4 Rd6 
41.Kf3 Rd1 42.Qc6 1-0

[Event "10th American Continental (w)"]
[Site "Envigado COL"]
[Date "2018.11.20"]
[Round "5.3"]
[White "Besso, Guadalupe"]
[Black "Perez Rodriguez, Jennifer"]
[Result "1/2-1/2"]
[WhiteElo "2069"]
[BlackElo "2203"]
[EventDate "2018.11.17"]
[PlyCount "45"]

1.d4 d5 2.Nf3 Nf6 3.c4 e6 4.Nc3 Be7 5.Bg5 O-O 6.e3 Nbd7 7.Rc1 c6 8.Bd3 
dxc4 9.Bxc4 Nd5 10.Bxe7 Qxe7 11.O-O Nxc3 12.Rxc3 e5 13.Nxe5 Nxe5 14.dxe5 
Qxe5 15.Re1 Be6 16.Qb3 Bxc4 17.Rxc4 Qc7 18.Rd4 Rad8 19.Red1 Rxd4 20.Rxd4 
Rd8 21.Qc3 h6 22.g3 Rxd4 23.Qxd4 1/2-1/2

[Event "10th American Continental (w)"]
[Site "Envigado COL"]
[Date "2018.11.20"]
[Round "5.4"]
[White "Arribas Robaina, Maritza"]
[Black "Ortiz Verdesoto, Anahi"]
[Result "1/2-1/2"]
[WhiteElo "2257"]
[BlackElo "2115"]
[EventDate "2018.11.17"]
[PlyCount "90"]

1.e4 e5 2.Nf3 Nc6 3.Bb5 a6 4.Ba4 Nf6 5.O-O Be7 6.Bxc6 dxc6 7.Nxe5 Nxe4 8.
d3 Nf6 9.Nc3 O-O 10.h3 Bd6 11.Nc4 h6 12.Qf3 Be6 13.Nxd6 cxd6 14.Bf4 Bd5 
15.Qg3 Nh5 16.Qh2 Nxf4 17.Qxf4 Be6 18.Ne4 d5 19.Nc5 b6 20.Nxe6 fxe6 21.Qe5
Qd7 22.Rae1 Rae8 23.Qg3 Rf5 24.Re5 Ref8 25.Rxf5 exf5 26.Re1 Re8 27.Re5 
Rxe5 28.Qxe5 b5 29.b4 Kf7 30.Kf1 Qc8 31.f4 g6 32.Kf2 Qd8 33.Ke3 a5 34.a3 
axb4 35.axb4 Qb6+ 36.Kf3 Qd8 37.g4 fxg4+ 38.hxg4 Qf6 39.Qc7+ Kg8 40.Qd7 
Kf8 41.Kg3 Qe7 42.Qxc6 Qe3+ 43.Kg2 Qe2+ 44.Kg3 Qe3+ 45.Kg2 Qe2+ 1/2-1/2